<?xml version="1.0" encoding="UTF-8"?>
<record
    xmlns:xsi="http://www.w3.org/2001/XMLSchema-instance"
    xsi:schemaLocation="http://www.loc.gov/MARC21/slim http://www.loc.gov/standards/marcxml/schema/MARC21slim.xsd"
    xmlns="http://www.loc.gov/MARC21/slim">

  <leader>05478nam a2200529Ia 4500</leader>
  <controlfield tag="001">dia_6912</controlfield>
  <controlfield tag="003">CHAP</controlfield>
  <controlfield tag="005">20240626145154.0</controlfield>
  <controlfield tag="007">ta</controlfield>
  <controlfield tag="008">220117s2018    mx ado frm    001 0 spa d</controlfield>
  <datafield tag="010" ind1=" " ind2=" ">
    <subfield code="a">178106</subfield>
  </datafield>
  <datafield tag="040" ind1=" " ind2=" ">
    <subfield code="c">CHAP</subfield>
    <subfield code="a">mxchpua</subfield>
    <subfield code="e">rda</subfield>
  </datafield>
  <datafield tag="041" ind1="0" ind2=" ">
    <subfield code="a">spa</subfield>
    <subfield code="b">eng</subfield>
  </datafield>
  <datafield tag="090" ind1=" " ind2=" ">
    <subfield code="a">Tesis </subfield>
    <subfield code="b">P43 </subfield>
    <subfield code="c">2018</subfield>
  </datafield>
  <datafield tag="100" ind1="1" ind2=" ">
    <subfield code="a">Pedroza Pedroza, Dulce Mar&#xED;a</subfield>
  </datafield>
  <datafield tag="240" ind1="1" ind2="0">
    <subfield code="a">Physicochemical properties and visco&#xE9;lastic of emulsions with different fractions of milk fat stabilized with biopolimeric complexes.</subfield>
    <subfield code="l">Espa&#xF1;ol</subfield>
  </datafield>
  <datafield tag="245" ind1="1" ind2="0">
    <subfield code="a">Propiedades fisicoqu&#xED;micas y viscoel&#xE1;sticas de emulsiones de distintas fracciones de grasa l&#xE1;ctea estabilizadas con complejos biopolim&#xE9;ricos solubles /</subfield>
    <subfield code="c">Dulce Mar&#xED;a Pedroza Pedroza</subfield>
  </datafield>
  <datafield tag="264" ind1=" " ind2=" ">
    <subfield code="a">Chapingo, M&#xE9;xico :</subfield>
    <subfield code="b">El autor,</subfield>
    <subfield code="c">2018</subfield>
  </datafield>
  <datafield tag="300" ind1=" " ind2=" ">
    <subfield code="a">xii, 87 hojas :</subfield>
    <subfield code="b">ilustraciones, gr&#xE1;ficas, diagramas, tablas, fotos +</subfield>
    <subfield code="e">1 CD-ROM</subfield>
  </datafield>
  <datafield tag="336" ind1=" " ind2=" ">
    <subfield code="2">rdacontent</subfield>
    <subfield code="a">texto</subfield>
    <subfield code="b">txt</subfield>
  </datafield>
  <datafield tag="337" ind1=" " ind2=" ">
    <subfield code="2">rdamedia</subfield>
    <subfield code="a">no mediado</subfield>
    <subfield code="b">n</subfield>
  </datafield>
  <datafield tag="338" ind1=" " ind2=" ">
    <subfield code="2">rdacarrier</subfield>
    <subfield code="a">volumen</subfield>
    <subfield code="b">nc</subfield>
  </datafield>
  <datafield tag="500" ind1=" " ind2=" ">
    <subfield code="a">El CD contiene reporte y art&#xED;culo</subfield>
  </datafield>
  <datafield tag="502" ind1=" " ind2=" ">
    <subfield code="a">Tesis </subfield>
    <subfield code="b">(Maestro en Ciencias en Ciencia y Tecnolog&#xED;a Agroalimentar&#xED;a) -- </subfield>
    <subfield code="c">UACh. Departamento de Ingenier&#xED;a Agroindustrial, </subfield>
    <subfield code="d">2018</subfield>
  </datafield>
  <datafield tag="504" ind1=" " ind2=" ">
    <subfield code="a">Incluye bibliograf&#xED;as</subfield>
  </datafield>
  <datafield tag="520" ind1="3" ind2=" ">
    <subfield code="a">Como estrategia nutricional en la sustituci&#xF3;n de grasa, se han utilizado aceites vegetales que pese a tener un perfil con menores &#xE1;cidos grasos saturados, los atributos sensoriales se han demeritado. Otro inconveniente es que la reducci&#xF3;n de l&#xED;pidos, en algunos alimentos, conlleva a la utilizaci&#xF3;n de polisac&#xE1;ridos, lo que conlleva al aumentando de la respuesta gluc&#xE9;mica. Para favorecer un perfil saludable en la grasa l&#xE1;ctea y disminuir el uso de polisac&#xE1;ridos, en este trabajo se tuvo como objetivos el utilizar la t&#xE9;cnica de fraccionamiento en grasa l&#xE1;ctea y obtener 3 fracciones composicionalmente diferentes, las cuales estar&#xE1;n dispersas en una emulsi&#xF3;n O/W. utilizando como emulsionantes/estabilizantes complejos solubles formados por la interacci&#xF3;n prote&#xED;na de lactosuero:goma de mezquite (WPH:GM; 10% p/p, pH 3.5, 1:1). Las 3 fracciones obtenidas presentaron puntos de fusi&#xF3;n diferenciados con la grasa l&#xE1;ctea (18.48 a 39.79 &#xB0;C). Las emulsiones O/W (?:0.3) no mostraron diferencia significativa (p ? 0.05) para la viscosidad aparente. Fueron estables hasta por 6 d&#xED;as a 5 &#xB1; 1 &#xB0;C con di&#xE1;metro promedio superficial entre 3.0 a 3.14 ?m en las primeras 24 horas de almacenamiento. La viscosidad no estuvo afectada por el punto de fusi&#xF3;n de la fase oleosa m&#xE1;s su comportamiento el&#xE1;stico estuvo relacionado con el contenido de &#xE1;cidos grasos insaturados. La actividad interfacial no se vio afectada por el ordenamiento de la grasa l&#xE1;ctea a la que est&#xE1; sujeta a 5 &#xB1; 1 &#xB0;C, incrementado la posibilidad de utilizaci&#xF3;n de este tipo de emulsiones en alimentos congelados. --</subfield>
  </datafield>
  <datafield tag="520" ind1="3" ind2=" ">
    <subfield code="a"> Using like nutritional strategy for substitution of fat, has been used vegetal oil. Although contains less saturated fatty acids, the sensorial attributes decreased. Another inconvenient is that utilization of polysaccharides for the reduction of fat, implies an increase in the glycemic response. Trying to favoring a healthy profile in milk fat and diminish the use of polysaccharides, the aim in this work was to use a double dry fractionation process to obtain 3 compositionally different fractions of milk fat, each one will be dispersed in an emulsion O/W. Stability of emulsions was verify using soluble complexes, formed by the interaction of whey protein hidrolysate and mesquite gum (WPH: GM), like interfacial particles for milk fat droplets. The obtained fractions have a different melting point (18.48 to 39.79 &#xB0;C). The relation WPH: GM for the emulsification of milk fat fractions was 1:1 with pH 3.5 and 10% solids. The viscosity for emulsions O/W (?: 0.3) with different milk fat fractions weren&#xB4;t significantly different (p ? 0.05). Maintained 6 days of stability at 5 &#xB1;1 &#xB0;C. The superficial mean diameter D(3,2) was between 3.0 and 3.14 ?m in the first 24 hours of storage. The obtained results for viscoelasticity, suggests than the mechanical properties obtained in the emulsions were for the protector effect in the interface by the biopolymer complexes and not for the thermal properties in the fractions. The utilization of soluble complexes stabilize the milk fat fractions, with a mean coalescence rate of 2.45x10-07 for the treatments until the crystallization of milk fat at 5&#xB0;C . Increasing the possibility of utilization of these emulsions in frozen foods.</subfield>
  </datafield>
  <datafield tag="650" ind1="1" ind2="3">
    <subfield code="a">Biopol&#xED;meros  </subfield>
    <subfield code="2">atg</subfield>
  </datafield>
  <datafield tag="650" ind1="1" ind2="3">
    <subfield code="a">Emulsiones</subfield>
    <subfield code="x">Propiedades fisicoqu&#xED;micas  </subfield>
    <subfield code="2">atg</subfield>
  </datafield>
  <datafield tag="650" ind1="1" ind2="3">
    <subfield code="a">Emulsiones</subfield>
    <subfield code="x">Viscoelasticidad  </subfield>
    <subfield code="2">atg</subfield>
  </datafield>
  <datafield tag="650" ind1="1" ind2="3">
    <subfield code="a">Evaluaci&#xF3;n sensorial de los alimentos  </subfield>
    <subfield code="2">atg</subfield>
  </datafield>
  <datafield tag="650" ind1="1" ind2="3">
    <subfield code="a">Grasa l&#xE1;ctea  </subfield>
    <subfield code="2">atg</subfield>
  </datafield>
  <datafield tag="650" ind1="1" ind2="3">
    <subfield code="a">Biopolymers</subfield>
    <subfield code="2">atg</subfield>
  </datafield>
  <datafield tag="650" ind1="1" ind2="3">
    <subfield code="a">Emulsions</subfield>
    <subfield code="x">Physicochemical properties  </subfield>
    <subfield code="2">atg</subfield>
  </datafield>
  <datafield tag="650" ind1="1" ind2="3">
    <subfield code="a">Emulsions</subfield>
    <subfield code="x">Viscoelasticity  </subfield>
    <subfield code="2">atg</subfield>
  </datafield>
  <datafield tag="650" ind1="1" ind2="3">
    <subfield code="a">Milk fat  </subfield>
    <subfield code="2">atg</subfield>
  </datafield>
  <datafield tag="650" ind1="1" ind2="3">
    <subfield code="a">Sensory evaluation  </subfield>
    <subfield code="2">atg</subfield>
  </datafield>
  <datafield tag="700" ind1="1" ind2=" ">
    <subfield code="a">Hern&#xE1;ndez Rodr&#xED;guez, Landy</subfield>
    <subfield code="e">asesora</subfield>
  </datafield>
  <datafield tag="700" ind1="1" ind2=" ">
    <subfield code="a">Lobato Calleros, Consuelo Silvia Olivia</subfield>
    <subfield code="e">directora</subfield>
  </datafield>
  <datafield tag="700" ind1="1" ind2=" ">
    <subfield code="a">Sandoval Castilla, Ofelia</subfield>
    <subfield code="e">asesora</subfield>
  </datafield>
  <datafield tag="856" ind1="4" ind2="1">
    <subfield code="u">http://10.13.5.2/tesis/sist114736.pdf</subfield>
    <subfield code="y">DESCARGAR PDF</subfield>
  </datafield>
  <datafield tag="901" ind1=" " ind2=" ">
    <subfield code="a">TESIS P43 2018</subfield>
  </datafield>
  <datafield tag="902" ind1=" " ind2=" ">
    <subfield code="a">M</subfield>
  </datafield>
  <datafield tag="905" ind1=" " ind2=" ">
    <subfield code="a">5232272018                          mx nmdl8223123322spa16</subfield>
  </datafield>
  <datafield tag="942" ind1=" " ind2=" ">
    <subfield code="c">TESIS</subfield>
    <subfield code="2">Clasificaci&#xF3;n Universidad Aut&#xF3;noma Chapingo</subfield>
  </datafield>
  <datafield tag="999" ind1=" " ind2=" ">
    <subfield code="c">178106</subfield>
    <subfield code="d">178106</subfield>
  </datafield>
  <datafield tag="952" ind1=" " ind2=" ">
    <subfield code="0">0</subfield>
    <subfield code="1">0</subfield>
    <subfield code="2">local</subfield>
    <subfield code="4">0</subfield>
    <subfield code="5">1</subfield>
    <subfield code="7">0</subfield>
    <subfield code="8">TESIS</subfield>
    <subfield code="a">IA_</subfield>
    <subfield code="b">IA_</subfield>
    <subfield code="d">2022-01-18</subfield>
    <subfield code="e">El autor</subfield>
    <subfield code="l">0</subfield>
    <subfield code="o">Tesis P43 2018</subfield>
    <subfield code="p">1101011798</subfield>
    <subfield code="r">2022-01-18 00:00:00</subfield>
    <subfield code="t">Ej. 2</subfield>
    <subfield code="w">2022-01-18</subfield>
    <subfield code="y">CD</subfield>
  </datafield>
  <datafield tag="952" ind1=" " ind2=" ">
    <subfield code="0">0</subfield>
    <subfield code="1">0</subfield>
    <subfield code="2">local</subfield>
    <subfield code="4">0</subfield>
    <subfield code="5">1</subfield>
    <subfield code="7">0</subfield>
    <subfield code="8">TESIS</subfield>
    <subfield code="a">IA_</subfield>
    <subfield code="b">IA_</subfield>
    <subfield code="d">2022-01-18</subfield>
    <subfield code="e">El autor</subfield>
    <subfield code="l">0</subfield>
    <subfield code="o">Tesis P43 2018</subfield>
    <subfield code="p">1101011797</subfield>
    <subfield code="r">2026-02-02 00:00:00</subfield>
    <subfield code="t">Ej. 1</subfield>
    <subfield code="w">2022-01-18</subfield>
    <subfield code="y">TESIS</subfield>
  </datafield>
  <datafield tag="952" ind1=" " ind2=" ">
    <subfield code="0">0</subfield>
    <subfield code="1">0</subfield>
    <subfield code="2">local</subfield>
    <subfield code="4">0</subfield>
    <subfield code="7">0</subfield>
    <subfield code="8">TesDigM</subfield>
    <subfield code="a">IA_</subfield>
    <subfield code="b">IA_</subfield>
    <subfield code="c">E_L</subfield>
    <subfield code="d">2024-06-26</subfield>
    <subfield code="e">El autor</subfield>
    <subfield code="l">0</subfield>
    <subfield code="p">1201011797</subfield>
    <subfield code="r">2024-06-26 00:00:00</subfield>
    <subfield code="w">2024-06-26</subfield>
    <subfield code="y">TD</subfield>
  </datafield>
</record>
